<?xml version="1.0" encoding="UTF-8"?>
<record
    xmlns:xsi="http://www.w3.org/2001/XMLSchema-instance"
    xsi:schemaLocation="http://www.loc.gov/MARC21/slim http://www.loc.gov/standards/marcxml/schema/MARC21slim.xsd"
    xmlns="http://www.loc.gov/MARC21/slim">

  <leader>00631nam a2200229   4500</leader>
  <controlfield tag="003">SEACOMEC</controlfield>
  <controlfield tag="005">20251009154604.0</controlfield>
  <controlfield tag="008">251009b        |||||||| |||| 00| 0 eng d</controlfield>
  <datafield tag="020" ind1=" " ind2=" ">
    <subfield code="c">675</subfield>
    <subfield code="a">978-9332901384</subfield>
  </datafield>
  <datafield tag="040" ind1=" " ind2=" ">
    <subfield code="a">SEACOMEC</subfield>
  </datafield>
  <datafield tag="082" ind1=" " ind2=" ">
    <subfield code="a">005.74</subfield>
    <subfield code="b">S582</subfield>
  </datafield>
  <datafield tag="100" ind1=" " ind2=" ">
    <subfield code="a">Silberschatz, Abraham</subfield>
  </datafield>
  <datafield tag="245" ind1="1" ind2=" ">
    <subfield code="a">Database system concepts  </subfield>
    <subfield code="c">Abraham Silberschatz, Henry F. Korth and Sudarshan,S.</subfield>
  </datafield>
  <datafield tag="250" ind1="1" ind2=" ">
    <subfield code="a">6th ed.</subfield>
  </datafield>
  <datafield tag="260" ind1="1" ind2=" ">
    <subfield code="a">New York</subfield>
    <subfield code="b">Tata Mc Graw Hill</subfield>
    <subfield code="c">2011</subfield>
  </datafield>
  <datafield tag="650" ind1=" " ind2=" ">
    <subfield code="a">Computer science</subfield>
  </datafield>
  <datafield tag="650" ind1=" " ind2=" ">
    <subfield code="a">MCA</subfield>
  </datafield>
  <datafield tag="650" ind1=" " ind2=" ">
    <subfield code="a">Data files and databases</subfield>
  </datafield>
  <datafield tag="700" ind1=" " ind2=" ">
    <subfield code="a">Korth ,Henry F.</subfield>
  </datafield>
  <datafield tag="700" ind1=" " ind2=" ">
    <subfield code="a">Sudarshan S.</subfield>
  </datafield>
  <datafield tag="942" ind1=" " ind2=" ">
    <subfield code="c">BBK</subfield>
  </datafield>
  <datafield tag="952" ind1=" " ind2=" ">
    <subfield code="0">0</subfield>
    <subfield code="1">0</subfield>
    <subfield code="2">ddc</subfield>
    <subfield code="4">0</subfield>
    <subfield code="7">0</subfield>
    <subfield code="a">SEACOMEC</subfield>
    <subfield code="b">SEACOMEC</subfield>
    <subfield code="d">2025-10-09</subfield>
    <subfield code="l">0</subfield>
    <subfield code="o">005.74 S582</subfield>
    <subfield code="p">BB5533</subfield>
    <subfield code="r">2025-10-09 15:45:35</subfield>
    <subfield code="w">2025-10-09</subfield>
    <subfield code="y">BBK</subfield>
  </datafield>
  <datafield tag="952" ind1=" " ind2=" ">
    <subfield code="0">0</subfield>
    <subfield code="1">0</subfield>
    <subfield code="2">ddc</subfield>
    <subfield code="4">0</subfield>
    <subfield code="7">0</subfield>
    <subfield code="a">SEACOMEC</subfield>
    <subfield code="b">SEACOMEC</subfield>
    <subfield code="d">2025-10-09</subfield>
    <subfield code="l">0</subfield>
    <subfield code="o">005.74 S582</subfield>
    <subfield code="p">BB5534</subfield>
    <subfield code="r">2025-10-09 15:45:35</subfield>
    <subfield code="w">2025-10-09</subfield>
    <subfield code="y">BBK</subfield>
  </datafield>
  <datafield tag="952" ind1=" " ind2=" ">
    <subfield code="0">0</subfield>
    <subfield code="1">0</subfield>
    <subfield code="2">ddc</subfield>
    <subfield code="4">0</subfield>
    <subfield code="7">0</subfield>
    <subfield code="a">SEACOMEC</subfield>
    <subfield code="b">SEACOMEC</subfield>
    <subfield code="d">2025-10-09</subfield>
    <subfield code="l">0</subfield>
    <subfield code="o">005.74 S582</subfield>
    <subfield code="p">BB5535</subfield>
    <subfield code="r">2025-10-09 15:45:35</subfield>
    <subfield code="w">2025-10-09</subfield>
    <subfield code="y">BBK</subfield>
  </datafield>
  <datafield tag="952" ind1=" " ind2=" ">
    <subfield code="0">0</subfield>
    <subfield code="1">0</subfield>
    <subfield code="2">ddc</subfield>
    <subfield code="4">0</subfield>
    <subfield code="7">0</subfield>
    <subfield code="a">SEACOMEC</subfield>
    <subfield code="b">SEACOMEC</subfield>
    <subfield code="d">2025-10-09</subfield>
    <subfield code="l">0</subfield>
    <subfield code="o">005.74 S582</subfield>
    <subfield code="p">BB5536</subfield>
    <subfield code="r">2025-10-09 15:45:35</subfield>
    <subfield code="w">2025-10-09</subfield>
    <subfield code="y">BBK</subfield>
  </datafield>
  <datafield tag="952" ind1=" " ind2=" ">
    <subfield code="0">0</subfield>
    <subfield code="1">0</subfield>
    <subfield code="2">ddc</subfield>
    <subfield code="4">0</subfield>
    <subfield code="7">0</subfield>
    <subfield code="a">SEACOMEC</subfield>
    <subfield code="b">SEACOMEC</subfield>
    <subfield code="d">2025-10-09</subfield>
    <subfield code="l">0</subfield>
    <subfield code="o">005.74 S582</subfield>
    <subfield code="p">BB5537</subfield>
    <subfield code="r">2025-10-09 15:45:35</subfield>
    <subfield code="w">2025-10-09</subfield>
    <subfield code="y">BBK</subfield>
  </datafield>
  <datafield tag="952" ind1=" " ind2=" ">
    <subfield code="0">0</subfield>
    <subfield code="1">0</subfield>
    <subfield code="2">ddc</subfield>
    <subfield code="4">0</subfield>
    <subfield code="7">0</subfield>
    <subfield code="a">SEACOMEC</subfield>
    <subfield code="b">SEACOMEC</subfield>
    <subfield code="d">2025-10-09</subfield>
    <subfield code="l">0</subfield>
    <subfield code="o">005.74 S582</subfield>
    <subfield code="p">BB5538</subfield>
    <subfield code="r">2025-10-09 15:45:35</subfield>
    <subfield code="w">2025-10-09</subfield>
    <subfield code="y">BBK</subfield>
  </datafield>
  <datafield tag="952" ind1=" " ind2=" ">
    <subfield code="0">0</subfield>
    <subfield code="1">0</subfield>
    <subfield code="2">ddc</subfield>
    <subfield code="4">0</subfield>
    <subfield code="7">0</subfield>
    <subfield code="a">SEACOMEC</subfield>
    <subfield code="b">SEACOMEC</subfield>
    <subfield code="d">2025-10-09</subfield>
    <subfield code="l">0</subfield>
    <subfield code="o">005.74 S582</subfield>
    <subfield code="p">BB5539</subfield>
    <subfield code="r">2025-10-09 15:45:35</subfield>
    <subfield code="w">2025-10-09</subfield>
    <subfield code="y">BBK</subfield>
  </datafield>
  <datafield tag="952" ind1=" " ind2=" ">
    <subfield code="0">0</subfield>
    <subfield code="1">0</subfield>
    <subfield code="2">ddc</subfield>
    <subfield code="4">0</subfield>
    <subfield code="7">0</subfield>
    <subfield code="a">SEACOMEC</subfield>
    <subfield code="b">SEACOMEC</subfield>
    <subfield code="d">2025-10-09</subfield>
    <subfield code="l">0</subfield>
    <subfield code="o">005.74 S582</subfield>
    <subfield code="p">BB5540</subfield>
    <subfield code="r">2025-10-09 15:45:35</subfield>
    <subfield code="w">2025-10-09</subfield>
    <subfield code="y">BBK</subfield>
  </datafield>
  <datafield tag="952" ind1=" " ind2=" ">
    <subfield code="0">0</subfield>
    <subfield code="1">0</subfield>
    <subfield code="2">ddc</subfield>
    <subfield code="4">0</subfield>
    <subfield code="7">0</subfield>
    <subfield code="a">SEACOMEC</subfield>
    <subfield code="b">SEACOMEC</subfield>
    <subfield code="d">2025-10-09</subfield>
    <subfield code="l">0</subfield>
    <subfield code="o">005.74 S582</subfield>
    <subfield code="p">BB5541</subfield>
    <subfield code="r">2025-10-09 15:45:35</subfield>
    <subfield code="w">2025-10-09</subfield>
    <subfield code="y">BBK</subfield>
  </datafield>
  <datafield tag="952" ind1=" " ind2=" ">
    <subfield code="0">0</subfield>
    <subfield code="1">0</subfield>
    <subfield code="2">ddc</subfield>
    <subfield code="4">0</subfield>
    <subfield code="7">0</subfield>
    <subfield code="a">SEACOMEC</subfield>
    <subfield code="b">SEACOMEC</subfield>
    <subfield code="d">2025-10-09</subfield>
    <subfield code="l">0</subfield>
    <subfield code="o">005.74 S582</subfield>
    <subfield code="p">BB5542</subfield>
    <subfield code="r">2025-10-09 15:45:35</subfield>
    <subfield code="w">2025-10-09</subfield>
    <subfield code="y">BBK</subfield>
  </datafield>
  <datafield tag="952" ind1=" " ind2=" ">
    <subfield code="0">0</subfield>
    <subfield code="1">0</subfield>
    <subfield code="2">ddc</subfield>
    <subfield code="4">0</subfield>
    <subfield code="7">0</subfield>
    <subfield code="a">SEACOMEC</subfield>
    <subfield code="b">SEACOMEC</subfield>
    <subfield code="d">2025-10-09</subfield>
    <subfield code="l">0</subfield>
    <subfield code="o">005.74 S582</subfield>
    <subfield code="p">BB5543</subfield>
    <subfield code="r">2025-10-09 15:45:35</subfield>
    <subfield code="w">2025-10-09</subfield>
    <subfield code="y">BBK</subfield>
  </datafield>
  <datafield tag="952" ind1=" " ind2=" ">
    <subfield code="0">0</subfield>
    <subfield code="1">0</subfield>
    <subfield code="2">ddc</subfield>
    <subfield code="4">0</subfield>
    <subfield code="7">0</subfield>
    <subfield code="a">SEACOMEC</subfield>
    <subfield code="b">SEACOMEC</subfield>
    <subfield code="d">2025-10-09</subfield>
    <subfield code="l">0</subfield>
    <subfield code="o">005.74 S582</subfield>
    <subfield code="p">BB5544</subfield>
    <subfield code="r">2025-10-09 15:45:35</subfield>
    <subfield code="w">2025-10-09</subfield>
    <subfield code="y">BBK</subfield>
  </datafield>
  <datafield tag="952" ind1=" " ind2=" ">
    <subfield code="0">0</subfield>
    <subfield code="1">0</subfield>
    <subfield code="2">ddc</subfield>
    <subfield code="4">0</subfield>
    <subfield code="7">0</subfield>
    <subfield code="a">SEACOMEC</subfield>
    <subfield code="b">SEACOMEC</subfield>
    <subfield code="d">2025-10-09</subfield>
    <subfield code="l">0</subfield>
    <subfield code="o">005.74 S582</subfield>
    <subfield code="p">BB5545</subfield>
    <subfield code="r">2025-10-09 15:45:35</subfield>
    <subfield code="w">2025-10-09</subfield>
    <subfield code="y">BBK</subfield>
  </datafield>
  <datafield tag="952" ind1=" " ind2=" ">
    <subfield code="0">0</subfield>
    <subfield code="1">0</subfield>
    <subfield code="2">ddc</subfield>
    <subfield code="4">0</subfield>
    <subfield code="7">0</subfield>
    <subfield code="a">SEACOMEC</subfield>
    <subfield code="b">SEACOMEC</subfield>
    <subfield code="d">2025-10-09</subfield>
    <subfield code="l">0</subfield>
    <subfield code="o">005.74 S582</subfield>
    <subfield code="p">BB5546</subfield>
    <subfield code="r">2025-10-09 15:45:35</subfield>
    <subfield code="w">2025-10-09</subfield>
    <subfield code="y">BBK</subfield>
  </datafield>
  <datafield tag="952" ind1=" " ind2=" ">
    <subfield code="0">0</subfield>
    <subfield code="1">0</subfield>
    <subfield code="2">ddc</subfield>
    <subfield code="4">0</subfield>
    <subfield code="7">0</subfield>
    <subfield code="a">SEACOMEC</subfield>
    <subfield code="b">SEACOMEC</subfield>
    <subfield code="d">2025-10-09</subfield>
    <subfield code="l">0</subfield>
    <subfield code="o">005.74 S582</subfield>
    <subfield code="p">BB5547</subfield>
    <subfield code="r">2025-10-09 15:45:35</subfield>
    <subfield code="w">2025-10-09</subfield>
    <subfield code="y">BBK</subfield>
  </datafield>
  <datafield tag="952" ind1=" " ind2=" ">
    <subfield code="0">0</subfield>
    <subfield code="1">0</subfield>
    <subfield code="2">ddc</subfield>
    <subfield code="4">0</subfield>
    <subfield code="7">0</subfield>
    <subfield code="a">SEACOMEC</subfield>
    <subfield code="b">SEACOMEC</subfield>
    <subfield code="d">2025-10-09</subfield>
    <subfield code="l">0</subfield>
    <subfield code="o">005.74 S582</subfield>
    <subfield code="p">BB5548</subfield>
    <subfield code="r">2025-10-09 15:45:35</subfield>
    <subfield code="w">2025-10-09</subfield>
    <subfield code="y">BBK</subfield>
  </datafield>
  <datafield tag="952" ind1=" " ind2=" ">
    <subfield code="0">0</subfield>
    <subfield code="1">0</subfield>
    <subfield code="2">ddc</subfield>
    <subfield code="4">0</subfield>
    <subfield code="7">0</subfield>
    <subfield code="a">SEACOMEC</subfield>
    <subfield code="b">SEACOMEC</subfield>
    <subfield code="d">2025-10-09</subfield>
    <subfield code="l">0</subfield>
    <subfield code="o">005.74 S582</subfield>
    <subfield code="p">BB5549</subfield>
    <subfield code="r">2025-10-09 15:45:35</subfield>
    <subfield code="w">2025-10-09</subfield>
    <subfield code="y">BBK</subfield>
  </datafield>
  <datafield tag="952" ind1=" " ind2=" ">
    <subfield code="0">0</subfield>
    <subfield code="1">0</subfield>
    <subfield code="2">ddc</subfield>
    <subfield code="4">0</subfield>
    <subfield code="7">0</subfield>
    <subfield code="a">SEACOMEC</subfield>
    <subfield code="b">SEACOMEC</subfield>
    <subfield code="d">2025-10-09</subfield>
    <subfield code="l">0</subfield>
    <subfield code="o">005.74 S582</subfield>
    <subfield code="p">BB5550</subfield>
    <subfield code="r">2025-10-09 15:45:35</subfield>
    <subfield code="w">2025-10-09</subfield>
    <subfield code="y">BBK</subfield>
  </datafield>
  <datafield tag="952" ind1=" " ind2=" ">
    <subfield code="0">0</subfield>
    <subfield code="1">0</subfield>
    <subfield code="2">ddc</subfield>
    <subfield code="4">0</subfield>
    <subfield code="7">0</subfield>
    <subfield code="a">SEACOMEC</subfield>
    <subfield code="b">SEACOMEC</subfield>
    <subfield code="d">2025-10-09</subfield>
    <subfield code="l">0</subfield>
    <subfield code="o">005.74 S582</subfield>
    <subfield code="p">BB5551</subfield>
    <subfield code="r">2025-10-09 15:45:35</subfield>
    <subfield code="w">2025-10-09</subfield>
    <subfield code="y">BBK</subfield>
  </datafield>
  <datafield tag="952" ind1=" " ind2=" ">
    <subfield code="0">0</subfield>
    <subfield code="1">0</subfield>
    <subfield code="2">ddc</subfield>
    <subfield code="4">0</subfield>
    <subfield code="7">0</subfield>
    <subfield code="a">SEACOMEC</subfield>
    <subfield code="b">SEACOMEC</subfield>
    <subfield code="d">2025-10-09</subfield>
    <subfield code="l">0</subfield>
    <subfield code="o">005.74 S582</subfield>
    <subfield code="p">BB5552</subfield>
    <subfield code="r">2025-10-09 15:45:35</subfield>
    <subfield code="w">2025-10-09</subfield>
    <subfield code="y">BBK</subfield>
  </datafield>
  <datafield tag="952" ind1=" " ind2=" ">
    <subfield code="0">0</subfield>
    <subfield code="1">0</subfield>
    <subfield code="2">ddc</subfield>
    <subfield code="4">0</subfield>
    <subfield code="7">0</subfield>
    <subfield code="a">SEACOMEC</subfield>
    <subfield code="b">SEACOMEC</subfield>
    <subfield code="d">2025-10-09</subfield>
    <subfield code="l">0</subfield>
    <subfield code="o">005.74 S582</subfield>
    <subfield code="p">BB5553</subfield>
    <subfield code="r">2025-10-09 15:45:35</subfield>
    <subfield code="w">2025-10-09</subfield>
    <subfield code="y">BBK</subfield>
  </datafield>
  <datafield tag="952" ind1=" " ind2=" ">
    <subfield code="0">0</subfield>
    <subfield code="1">0</subfield>
    <subfield code="2">ddc</subfield>
    <subfield code="4">0</subfield>
    <subfield code="7">0</subfield>
    <subfield code="a">SEACOMEC</subfield>
    <subfield code="b">SEACOMEC</subfield>
    <subfield code="d">2025-10-09</subfield>
    <subfield code="l">0</subfield>
    <subfield code="o">005.74 S582</subfield>
    <subfield code="p">BB5554</subfield>
    <subfield code="r">2025-10-09 15:45:35</subfield>
    <subfield code="w">2025-10-09</subfield>
    <subfield code="y">BBK</subfield>
  </datafield>
  <datafield tag="952" ind1=" " ind2=" ">
    <subfield code="0">0</subfield>
    <subfield code="1">0</subfield>
    <subfield code="2">ddc</subfield>
    <subfield code="4">0</subfield>
    <subfield code="7">0</subfield>
    <subfield code="a">SEACOMEC</subfield>
    <subfield code="b">SEACOMEC</subfield>
    <subfield code="d">2025-10-09</subfield>
    <subfield code="l">0</subfield>
    <subfield code="o">005.74 S582</subfield>
    <subfield code="p">BB5555</subfield>
    <subfield code="r">2025-10-09 15:45:35</subfield>
    <subfield code="w">2025-10-09</subfield>
    <subfield code="y">BBK</subfield>
  </datafield>
  <datafield tag="952" ind1=" " ind2=" ">
    <subfield code="0">0</subfield>
    <subfield code="1">0</subfield>
    <subfield code="2">ddc</subfield>
    <subfield code="4">0</subfield>
    <subfield code="7">0</subfield>
    <subfield code="a">SEACOMEC</subfield>
    <subfield code="b">SEACOMEC</subfield>
    <subfield code="d">2025-10-09</subfield>
    <subfield code="l">0</subfield>
    <subfield code="o">005.74 S582</subfield>
    <subfield code="p">BB5556</subfield>
    <subfield code="r">2025-10-09 15:45:35</subfield>
    <subfield code="w">2025-10-09</subfield>
    <subfield code="y">BBK</subfield>
  </datafield>
  <datafield tag="952" ind1=" " ind2=" ">
    <subfield code="0">0</subfield>
    <subfield code="1">0</subfield>
    <subfield code="2">ddc</subfield>
    <subfield code="4">0</subfield>
    <subfield code="7">0</subfield>
    <subfield code="a">SEACOMEC</subfield>
    <subfield code="b">SEACOMEC</subfield>
    <subfield code="d">2025-10-09</subfield>
    <subfield code="l">0</subfield>
    <subfield code="o">005.74 S582</subfield>
    <subfield code="p">BB5557</subfield>
    <subfield code="r">2025-10-09 15:45:35</subfield>
    <subfield code="w">2025-10-09</subfield>
    <subfield code="y">BBK</subfield>
  </datafield>
  <datafield tag="952" ind1=" " ind2=" ">
    <subfield code="0">0</subfield>
    <subfield code="1">0</subfield>
    <subfield code="2">ddc</subfield>
    <subfield code="4">0</subfield>
    <subfield code="7">0</subfield>
    <subfield code="a">SEACOMEC</subfield>
    <subfield code="b">SEACOMEC</subfield>
    <subfield code="d">2025-10-09</subfield>
    <subfield code="l">0</subfield>
    <subfield code="o">005.74 S582</subfield>
    <subfield code="p">BB5558</subfield>
    <subfield code="r">2025-10-09 15:45:35</subfield>
    <subfield code="w">2025-10-09</subfield>
    <subfield code="y">BBK</subfield>
  </datafield>
  <datafield tag="952" ind1=" " ind2=" ">
    <subfield code="0">0</subfield>
    <subfield code="1">0</subfield>
    <subfield code="2">ddc</subfield>
    <subfield code="4">0</subfield>
    <subfield code="7">0</subfield>
    <subfield code="a">SEACOMEC</subfield>
    <subfield code="b">SEACOMEC</subfield>
    <subfield code="d">2025-10-09</subfield>
    <subfield code="l">0</subfield>
    <subfield code="o">005.74 S582</subfield>
    <subfield code="p">BB5559</subfield>
    <subfield code="r">2025-10-09 15:45:35</subfield>
    <subfield code="w">2025-10-09</subfield>
    <subfield code="y">BBK</subfield>
  </datafield>
  <datafield tag="952" ind1=" " ind2=" ">
    <subfield code="0">0</subfield>
    <subfield code="1">0</subfield>
    <subfield code="2">ddc</subfield>
    <subfield code="4">0</subfield>
    <subfield code="7">0</subfield>
    <subfield code="a">SEACOMEC</subfield>
    <subfield code="b">SEACOMEC</subfield>
    <subfield code="d">2025-10-09</subfield>
    <subfield code="l">0</subfield>
    <subfield code="o">005.74 S582</subfield>
    <subfield code="p">BB5560</subfield>
    <subfield code="r">2025-10-09 15:45:35</subfield>
    <subfield code="w">2025-10-09</subfield>
    <subfield code="y">BBK</subfield>
  </datafield>
  <datafield tag="952" ind1=" " ind2=" ">
    <subfield code="0">0</subfield>
    <subfield code="1">0</subfield>
    <subfield code="2">ddc</subfield>
    <subfield code="4">0</subfield>
    <subfield code="7">0</subfield>
    <subfield code="a">SEACOMEC</subfield>
    <subfield code="b">SEACOMEC</subfield>
    <subfield code="d">2025-10-09</subfield>
    <subfield code="l">0</subfield>
    <subfield code="o">005.74 S582</subfield>
    <subfield code="p">BB5561</subfield>
    <subfield code="r">2025-10-09 15:45:35</subfield>
    <subfield code="w">2025-10-09</subfield>
    <subfield code="y">BBK</subfield>
  </datafield>
  <datafield tag="952" ind1=" " ind2=" ">
    <subfield code="0">0</subfield>
    <subfield code="1">0</subfield>
    <subfield code="2">ddc</subfield>
    <subfield code="4">0</subfield>
    <subfield code="7">0</subfield>
    <subfield code="a">SEACOMEC</subfield>
    <subfield code="b">SEACOMEC</subfield>
    <subfield code="d">2025-10-09</subfield>
    <subfield code="l">0</subfield>
    <subfield code="o">005.74 S582</subfield>
    <subfield code="p">BB5562</subfield>
    <subfield code="r">2025-10-09 15:45:35</subfield>
    <subfield code="w">2025-10-09</subfield>
    <subfield code="y">BBK</subfield>
  </datafield>
  <datafield tag="952" ind1=" " ind2=" ">
    <subfield code="0">0</subfield>
    <subfield code="1">0</subfield>
    <subfield code="2">ddc</subfield>
    <subfield code="4">0</subfield>
    <subfield code="7">0</subfield>
    <subfield code="a">SEACOMEC</subfield>
    <subfield code="b">SEACOMEC</subfield>
    <subfield code="d">2025-10-09</subfield>
    <subfield code="l">1</subfield>
    <subfield code="o">005.74 S582</subfield>
    <subfield code="p">BB5563</subfield>
    <subfield code="q">2026-04-15</subfield>
    <subfield code="r">2026-04-01 16:45:48</subfield>
    <subfield code="s">2026-04-01</subfield>
    <subfield code="w">2025-10-09</subfield>
    <subfield code="y">BBK</subfield>
  </datafield>
  <datafield tag="952" ind1=" " ind2=" ">
    <subfield code="0">0</subfield>
    <subfield code="1">0</subfield>
    <subfield code="2">ddc</subfield>
    <subfield code="4">0</subfield>
    <subfield code="7">0</subfield>
    <subfield code="a">SEACOMEC</subfield>
    <subfield code="b">SEACOMEC</subfield>
    <subfield code="d">2025-10-09</subfield>
    <subfield code="l">0</subfield>
    <subfield code="o">005.74 S582</subfield>
    <subfield code="p">BB5564</subfield>
    <subfield code="r">2025-10-09 15:45:35</subfield>
    <subfield code="w">2025-10-09</subfield>
    <subfield code="y">BBK</subfield>
  </datafield>
  <datafield tag="952" ind1=" " ind2=" ">
    <subfield code="0">0</subfield>
    <subfield code="1">0</subfield>
    <subfield code="2">ddc</subfield>
    <subfield code="4">0</subfield>
    <subfield code="7">0</subfield>
    <subfield code="a">SEACOMEC</subfield>
    <subfield code="b">SEACOMEC</subfield>
    <subfield code="d">2025-10-09</subfield>
    <subfield code="l">0</subfield>
    <subfield code="o">005.74 S582</subfield>
    <subfield code="p">BB5565</subfield>
    <subfield code="r">2025-10-09 15:45:35</subfield>
    <subfield code="w">2025-10-09</subfield>
    <subfield code="y">BBK</subfield>
  </datafield>
  <datafield tag="952" ind1=" " ind2=" ">
    <subfield code="0">0</subfield>
    <subfield code="1">0</subfield>
    <subfield code="2">ddc</subfield>
    <subfield code="4">0</subfield>
    <subfield code="7">0</subfield>
    <subfield code="a">SEACOMEC</subfield>
    <subfield code="b">SEACOMEC</subfield>
    <subfield code="d">2025-10-09</subfield>
    <subfield code="l">0</subfield>
    <subfield code="o">005.74 S582</subfield>
    <subfield code="p">BB5566</subfield>
    <subfield code="r">2025-10-09 15:45:35</subfield>
    <subfield code="w">2025-10-09</subfield>
    <subfield code="y">BBK</subfield>
  </datafield>
  <datafield tag="952" ind1=" " ind2=" ">
    <subfield code="0">0</subfield>
    <subfield code="1">0</subfield>
    <subfield code="2">ddc</subfield>
    <subfield code="4">0</subfield>
    <subfield code="7">0</subfield>
    <subfield code="a">SEACOMEC</subfield>
    <subfield code="b">SEACOMEC</subfield>
    <subfield code="d">2025-10-09</subfield>
    <subfield code="l">0</subfield>
    <subfield code="o">005.74 S582</subfield>
    <subfield code="p">BB5567</subfield>
    <subfield code="r">2025-10-09 15:45:35</subfield>
    <subfield code="w">2025-10-09</subfield>
    <subfield code="y">BBK</subfield>
  </datafield>
  <datafield tag="999" ind1=" " ind2=" ">
    <subfield code="c">2573</subfield>
    <subfield code="d">2573</subfield>
  </datafield>
</record>
